[Event "Hum na Sutli op 12th"]
[Site "Hum na Sutli"]
[Date "2018.08.28"]
[Round "6"]
[White "Samovojska, Damir"]
[Black "Novosel, Marko"]
[Result "1-0"]
[WhiteElo "2191"]
[BlackElo "2047"]
[PlyCount "91"]
[EventDate "2018.08.25"]
[EventType "swiss"]
[EventRounds "9"]
[EventCountry "CRO"]
[SourceTitle "CBM 186 Extra"]
[Source "ChessBase"]
[SourceDate "2018.08.24"]
[SourceVersion "1"]
[SourceVersionDate "2018.08.24"]
[SourceQuality "1"]

1. d4 Nf6 2. Nc3 d5 3. Bg5 Nc6 4. e3 a6 5. a3 Bf5 6. Bd3 Bg6 7. h4 Qd7 8. Nf3 Bh5 9. Ne2 Bxf3 10. gxf3 e5 11. dxe5 Nxe5 12. Nd4 Nxd3+ 13. Qxd3 0-0-0 14. Bxf6 gxf6 15. Qf5 Qxf5 16. Nxf5 Rg8 17. Ke2 Re8 18. f4 Kd7 19. Rhg1 Bd6 20. Kf3 b5 21. Nh6 Rxg1 22. Rxg1 Bf8 23. Nf5 Ke6 24. Nd4+ Kd7 25. Rg8 Bh6 26. Rxe8 Kxe8 27. Kg4 c5 28. Nb3 Bf8 29. Kf5 Be7 30. c3 Kd7 31. Nd2 a5 32. h5 h6 33. Nf3 a4 34. Ne1 Bd8 35. Nc2 Ke7 36. e4 dxe4 37. Kxe4 Ke6 38. Ne3 Be7 39. f5+ Kd6 40. Ng4 Kd7 41. Nxh6 Ke8 42. Kd5 Kf8 43. Ng4 Kg7 44. Kc6 b4 45. c4 bxa3 46. bxa3 1-0

[Event "Krapina Regional Cup"]
[Site "Krapina"]
[Date "2016.02.14"]
[Round "2"]
[White "Tretinjak, Dario"]
[Black "Samovojska, Damir"]
[Result "0-1"]
[WhiteElo "1802"]
[BlackElo "2207"]
[PlyCount "78"]
[EventDate "2016.02.14"]
[EventType "team-swiss"]
[EventRounds "5"]
[EventCountry "CRO"]
[SourceTitle "CBM 171 Extra"]
[Source "ChessBase"]
[SourceDate "2016.04.26"]
[SourceVersion "1"]
[SourceVersionDate "2016.04.26"]
[SourceQuality "1"]

1. d4 d5 2. c4 e5 3. dxe5 d4 4. Nf3 Nc6 5. g3 Nge7 6. Bg2 Ng6 7. 0-0 Ngxe5 8. Nbd2 Be7 9. b3 0-0 10. Bb2 Bg4 11. Qc2 d3 12. exd3 Qxd3 13. Qc3 Bb4 14. Nxe5 Bxc3 15. Nxd3 Bxd2 16. Bxc6 bxc6 17. f3 Rad8 18. fxg4 Rxd3 19. Kg2 f6 20. Rad1 Rfd8 21. Rf2 Kf7 22. Re2 a5 23. Ba3 R8d7 24. Bc5 g6 25. h4 h5 26. gxh5 gxh5 27. Ba3 Bc3 28. Re7+ Rxe7 29. Rxd3 Re2+ 30. Kf3 Rxa2 31. Rxc3 Rxa3 32. Ke4 a4 33. Kd4 Rxb3 34. Rxb3 axb3 35. Kc3 Ke6 36. Kxb3 Kf5 37. Kb4 Kg4 38. Kc5 Kxg3 39. Kxc6 f5 0-1

[Event "CRO-chT2 Center"]
[Site "Croatia"]
[Date "2015.09.13"]
[Round "8.12"]
[White "Samovojska, Damir"]
[Black "Krstic, Uros"]
[Result "0-1"]
[WhiteElo "2212"]
[BlackElo "2425"]
[PlyCount "140"]
[EventDate "2015.03.22"]
[EventType "team-tourn"]
[EventRounds "11"]
[EventCountry "CRO"]
[SourceTitle "EXT 2016"]
[Source "ChessBase"]
[SourceDate "2015.10.08"]
[SourceVersion "1"]
[SourceVersionDate "2015.10.08"]
[SourceQuality "1"]

1. d4 g6 2. h4 Nf6 3. h5 Nxh5 4. e4 d6 5. Nc3 c6 6. g4 Nf6 7. g5 Nfd7 8. f4 Nb6 9. a4 a5 10. Be3 d5 11. Bd3 Na6 12. e5 Nb4 13. Bf1 Bf5 14. Rh2 Qd7 15. Nb1 Bg4 16. Be2 Bxe2 17. Nxe2 h5 18. c3 Na6 19. Nd2 e6 20. Nb3 Nc4 21. Bc1 Be7 22. Qd3 Kf8 23. Nd2 b5 24. Nf3 b4 25. b3 Nb6 26. c4 c5 27. Be3 dxc4 28. bxc4 cxd4 29. Bxd4 Rc8 30. Rd1 Nxa4 31. Qe3 Qc6 32. f5 gxf5 33. Rh4 N4c5 34. Nf4 a4 35. Rxh5 Rxh5 36. Nxh5 Qe4 37. Kf2 Qxe3+ 38. Kxe3 Ne4 39. Nf6 Kg7 40. Nh5+ Kg6 41. Nf4+ Kg7 42. Nh5+ Kf8 43. Nf6 Bc5 44. Rh1 Ke7 45. g6 Bxd4+ 46. Nxd4 Nxf6 47. exf6+ Kxf6 48. gxf7 Nc5 49. Nc6 Nd7 50. Nxb4 Rxc4 51. Nd3 Re4+ 52. Kd2 Kxf7 53. Rh7+ Ke8 54. Kc3 Ne5 55. Nf2 Re2 56. Nd1 Nf7 57. Rh4 a3 58. Ra4 Rh2 59. Kb3 Rh3+ 60. Nc3 Nd6 61. Ra8+ Ke7 62. Kb4 Kf6 63. Rxa3 Rh4+ 64. Kb3 Ne4 65. Nb5 Rh3+ 66. Kc4 Nd2+ 67. Kd4 e5+ 68. Kd5 Rxa3 69. Nxa3 f4 70. Nc2 Kf5 0-1

[Event "Hum na Sutli op 9th"]
[Site "Hum na Sutli"]
[Date "2015.09.03"]
[Round "7"]
[White "Samovojska, Damir"]
[Black "Martinovic, Sasa"]
[Result "0-1"]
[WhiteElo "2212"]
[BlackElo "2532"]
[PlyCount "106"]
[EventDate "2015.08.28"]
[EventType "swiss"]
[EventRounds "9"]
[EventCountry "CRO"]
[SourceTitle "EXT 2016"]
[Source "ChessBase"]
[SourceDate "2015.10.08"]
[SourceVersion "1"]
[SourceVersionDate "2015.10.08"]
[SourceQuality "1"]

1. e4 c5 2. c4 Nc6 3. Nc3 g6 4. d3 Bg7 5. Be3 d6 6. Qd2 a6 7. Nge2 Nd4 8. Nd1 f5 9. exf5 Nxf5 10. Bf4 b5 11. Ne3 h6 12. Nxf5 gxf5 13. Be3 Nf6 14. f3 e5 15. g3 Be6 16. b3 h5 17. Bg2 h4 18. gxh4 f4 19. Bf2 b4 20. 0-0 a5 21. a3 0-0 22. axb4 axb4 23. Qe1 Bf5 24. Qd2 Nh5 25. Kh1 Qd7 26. Ng1 Kh8 27. Ra2 Bf6 28. Rfa1 Rxa2 29. Qxa2 Rg8 30. Bf1 Qg7 31. Rd1 Bxh4 32. Nh3 Bf6 33. Ng1 Qb7 34. Qe2 Ra8 35. Bg2 Ra3 36. Rb1 Qa8 37. Qe1 Qe8 38. Qf1 Qd7 39. Bh3 Ra2 40. Bxf5 Qxf5 41. Rd1 Ng7 42. Qe1 Rb2 43. Bh4 Qh7 44. Bf2 Rxb3 45. Ra1 Qxd3 46. Rd1 Qc2 47. Rd2 Qb1 48. Rd1 Qc2 49. Rd2 Qc3 50. Qd1 Be7 51. Qe2 Nf5 52. Rd1 Rb2 53. Qe1 Kg7 0-1

[Event "CRO-chT2 Center"]
[Site "Croatia"]
[Date "2015.03.22"]
[Round "1.3"]
[White "Samovojska, Damir"]
[Black "Plenca, Jadranko"]
[Result "1-0"]
[WhiteElo "2198"]
[BlackElo "2322"]
[PlyCount "120"]
[EventDate "2015.03.22"]
[EventType "team-tourn"]
[EventRounds "11"]
[EventCountry "CRO"]
[SourceTitle "EXT 2016"]
[Source "ChessBase"]
[SourceDate "2015.10.08"]
[SourceVersion "1"]
[SourceVersionDate "2015.10.08"]
[SourceQuality "1"]

1. c4 c6 2. Nc3 d5 3. cxd5 cxd5 4. d4 Nf6 5. Nf3 Nc6 6. Bf4 Ne4 7. e3 Nxc3 8. bxc3 e6 9. Be2 Bd6 10. Bg3 0-0 11. 0-0 Bxg3 12. hxg3 b6 13. c4 dxc4 14. Bxc4 Bb7 15. Qe2 Rc8 16. Rfd1 Qe7 17. Rac1 Qa3 18. Ng5 Qe7 19. Qg4 Kh8 20. Bd3 h6 21. Nf3 Nb4 22. Bb1 Nd5 23. Qe4 Nf6 24. Qd3 Rc7 25. Rxc7 Qxc7 26. Qa3 Rc8 27. Ne5 Kg8 28. Kh2 Be4 29. Bd3 Bb7 30. f3 a5 31. Rd2 Nd5 32. Rc2 Qd8 33. Rxc8 Bxc8 34. Be4 Ba6 35. Bxd5 exd5 36. Nc6 Qg5 37. Qd6 g6 38. Ne7+ Kg7 39. Qd8 Bc4 40. Qg8+ Kf6 41. Nc6 Qxe3 42. Qh8+ Kf5 43. Qg7 Qe8 44. Ne5 Ke6 45. Qxh6 Bb5 46. Qe3 Kd6 47. Qf4 Ke6 48. Ng4 Qh8+ 49. Kg1 Qg7 50. Qd2 Qh8 51. Qb2 Qe8 52. a4 Bxa4 53. Qxb6+ Qc6 54. Qxa5 Ke7 55. Qa7+ Qd7 56. Qa8 Qe8 57. Qxd5 Qb8 58. Ne5 Qb1+ 59. Kh2 Qf5 60. Qe4 Kf6 1-0

[Event "CRO-chT2 Center 23rd"]
[Site "Grubisno Polje"]
[Date "2014.09.14"]
[Round "9.42"]
[White "Radic, Antonio"]
[Black "Samovojska, Damir"]
[Result "0-1"]
[WhiteElo "1917"]
[BlackElo "2239"]
[PlyCount "74"]
[EventDate "2014.03.02"]
[EventType "team-match"]
[EventRounds "11"]
[EventCountry "CRO"]
[SourceTitle "EXT 2016"]
[Source "ChessBase"]
[SourceDate "2015.10.08"]
[SourceVersion "1"]
[SourceVersionDate "2015.10.08"]
[SourceQuality "1"]

1. e4 e6 2. d4 d5 3. Nc3 a6 4. a3 Nf6 5. Bg5 dxe4 6. Nxe4 Be7 7. Bxf6 gxf6 8. g3 f5 9. Nc3 Bf6 10. Nf3 h5 11. Qd2 h4 12. gxh4 b5 13. Rg1 Bb7 14. Qf4 Qd6 15. Ne5 Nd7 16. 0-0-0 Nxe5 17. dxe5 Qxe5 18. Qd2 Rd8 19. Bd3 c5 20. f4 Qd4 21. Qe2 Qxf4+ 22. Kb1 c4 23. Bxf5 Rxd1+ 24. Rxd1 Qxf5 25. Qd2 Bd5 26. Qe3 Bxc3 27. bxc3 Rxh4 28. Qg3 Rf4 29. Qg8+ Ke7 30. Kb2 Rf2 31. Rc1 Be4 32. Rd1 Rxc2+ 33. Ka1 Bd5 34. Qc8 Rg2 35. Qc5+ Kf6 36. Qd4+ Kg6 37. Qh8 Ra2+ 0-1

[Event "Velika Gorica op 12th"]
[Site "Velika Gorica"]
[Date "2014.08.25"]
[Round "6"]
[White "Samovojska, Damir"]
[Black "Doric, Nenad"]
[Result "0-1"]
[WhiteElo "2226"]
[BlackElo "2330"]
[PlyCount "112"]
[EventDate "2014.08.18"]
[EventType "swiss"]
[EventRounds "9"]
[EventCountry "CRO"]
[SourceTitle "EXT 2015"]
[Source "ChessBase"]
[SourceDate "2014.11.20"]
[SourceVersion "1"]
[SourceVersionDate "2014.11.20"]
[SourceQuality "1"]

1. d4 d5 2. Nc3 Nf6 3. Bg5 Nbd7 4. f3 c5 5. dxc5 e6 6. b4 b6 7. c6 Ne5 8. a3 Nxc6 9. e4 Be7 10. Bb5 Bd7 11. Bxc6 Bxc6 12. e5 Nd7 13. Bf4 Bg5 14. Bg3 Bh4 15. Qd4 Bxg3+ 16. hxg3 Qg5 17. f4 Qxg3+ 18. Kd2 f6 19. Nge2 fxe5 20. Nxg3 exd4 21. Nce2 0-0 22. Nxd4 Rac8 23. Nxe6 Rf6 24. Rae1 Nf8 25. Nxf8 Rcxf8 26. Ne2 d4 27. Rhg1 Rd8 28. g3 Ba4 29. Rb1 Bxc2 30. Kxc2 d3+ 31. Kd2 dxe2+ 32. Kxe2 Re6+ 33. Kf3 Rd3+ 34. Kg4 Rxa3 35. Rbc1 h6 36. Kf5 Rf6+ 37. Ke5 Re3+ 38. Kd5 Rb3 39. Kc4 Rf3 40. Rcf1 Rc6+ 41. Kd4 Rcc3 42. g4 Rxf1 43. Rxf1 Rh3 44. Kc4 Rg3 45. Kb5 Rxg4 46. Ka6 Rg6 47. b5 Rf6 48. Kxa7 g5 49. Rg1 Rg6 50. f5 Rf6 51. Rc1 g4 52. Rc8+ Kg7 53. Rc4 h5 54. Rc3 Kh6 55. Rc6 Kg5 56. Rxb6 Rxb6 0-1

[Event "Velika Gorica op 12th"]
[Site "Velika Gorica"]
[Date "2014.08.22"]
[Round "5"]
[White "Lovrekovic, Kristijan"]
[Black "Samovojska, Damir"]
[Result "0-1"]
[WhiteElo "2028"]
[BlackElo "2226"]
[PlyCount "62"]
[EventDate "2014.08.18"]
[EventType "swiss"]
[EventRounds "9"]
[EventCountry "CRO"]
[SourceTitle "EXT 2015"]
[Source "ChessBase"]
[SourceDate "2014.11.20"]
[SourceVersion "1"]
[SourceVersionDate "2014.11.20"]
[SourceQuality "1"]

1. d4 Nf6 2. c4 c5 3. e3 g6 4. Nc3 Bg7 5. Nf3 0-0 6. Bd3 d5 7. cxd5 Nxd5 8. Nxd5 Qxd5 9. e4 Qd6 10. dxc5 Qxc5 11. 0-0 Nc6 12. Be3 Qb4 13. Rb1 Rd8 14. Qe2 Bg4 15. a3 Qa5 16. h3 Bxf3 17. gxf3 Qh5 18. Kg2 Ne5 19. Rfd1 Rd6 20. Bc4 Rf6 21. f4 Nxc4 22. Qxc4 e5 23. Qc7 exf4 24. Rd5 Qh4 25. Rd8+ Bf8 26. Bd4 f3+ 27. Kh2 Rxd8 28. Qxd8 Qf4+ 29. Kh1 Rd6 30. Qb8 Qxe4 31. Rc1 Rxd4 0-1

[Event "CRO-chT2 Center 23rd"]
[Site "Grubisno Polje"]
[Date "2014.04.06"]
[Round "6.2"]
[White "Samovojska, Damir"]
[Black "Margeta, Zeljko"]
[Result "1-0"]
[WhiteElo "2239"]
[BlackElo "2042"]
[PlyCount "105"]
[EventDate "2014.03.02"]
[EventType "team-match"]
[EventRounds "11"]
[EventCountry "CRO"]
[SourceTitle "EXT 2016"]
[Source "ChessBase"]
[SourceDate "2015.10.08"]
[SourceVersion "1"]
[SourceVersionDate "2015.10.08"]
[SourceQuality "1"]

1. d4 c5 2. d5 d6 3. e4 Nf6 4. Nc3 g6 5. f4 Bg7 6. Nf3 0-0 7. Be2 Na6 8. Bxa6 bxa6 9. e5 Nh5 10. 0-0 Bh6 11. Ne2 a5 12. c4 Bg7 13. Bd2 Rb8 14. Bc3 Bh6 15. Ne1 Ng7 16. h3 Bd7 17. g4 Ne8 18. Ng3 Bg7 19. Qd2 a4 20. Rd1 Nc7 21. Ne4 Ne8 22. Nf3 Qc8 23. exd6 exd6 24. Bxg7 Kxg7 25. Qc3+ Kg8 26. Nf6+ Nxf6 27. Qxf6 Rb4 28. Qxd6 Bxg4 29. Ne5 Bxh3 30. f5 Rb6 31. Nc6 Kg7 32. Rf2 Qe8 33. Qxc5 Bxf5 34. Rdf1 Bd7 35. Qd4+ Kg8 36. Ne5 Bh3 37. Re1 Qe7 38. Nf3 Qd6 39. Qe5 Qc5 40. Qd4 Qd6 41. Qh4 Bf5 42. Ng5 h5 43. Re3 Bg4 44. Ne4 Qb8 45. Nf6+ Kg7 46. Nxg4 hxg4 47. Rh2 Rh8 48. Qxh8+ Qxh8 49. Rxh8 Kxh8 50. Re8+ Kg7 51. c5 Rb5 52. c6 f5 53. c7 1-0

[Event "CRO-chT2 Center 23rd"]
[Site "Grubisno Polje"]
[Date "2014.03.16"]
[Round "4.1"]
[White "Samovojska, Damir"]
[Black "Mihalincic, Tomislav"]
[Result "1/2-1/2"]
[WhiteElo "2239"]
[BlackElo "2319"]
[PlyCount "104"]
[EventDate "2014.03.02"]
[EventType "team-match"]
[EventRounds "11"]
[EventCountry "CRO"]
[SourceTitle "EXT 2016"]
[Source "ChessBase"]
[SourceDate "2015.10.08"]
[SourceVersion "1"]
[SourceVersionDate "2015.10.08"]
[SourceQuality "1"]

1. d4 Nf6 2. Bf4 e6 3. e3 c5 4. c3 b6 5. h3 Bb7 6. Nf3 Ne4 7. Nbd2 f5 8. Nxe4 Bxe4 9. Bd3 Be7 10. Bxe4 fxe4 11. Nd2 d5 12. Qg4 Kf7 13. 0-0 h5 14. Qd1 Nd7 15. f3 exf3 16. Nxf3 Kg8 17. Qd3 Bf6 18. e4 Nf8 19. dxc5 bxc5 20. exd5 Qxd5 21. Qxd5 exd5 22. Bd6 d4 23. cxd4 cxd4 24. Bxf8 Rxf8 25. Rad1 Rd8 26. Rf2 Rd7 27. b3 Kh7 28. Rd3 h4 29. Rfd2 Rhd8 30. Kf2 Rd5 31. Re2 g5 32. Rc2 Kg6 33. b4 Kf5 34. Rc6 R8d6 35. Rxd6 Rxd6 36. b5 Ke4 37. Ke2 Kd5 38. Rb3 Kc5 39. a4 Re6+ 40. Kf2 Bd8 41. Rd3 Bf6 42. Rb3 Kc4 43. Nd2+ Kd5 44. a5 Be5 45. b6 axb6 46. axb6 Bf4 47. b7 Re8 48. Rb2 Rb8 49. Ke2 Re8+ 50. Kf3 Rb8 51. Ke2 Re8+ 52. Kf3 Rb8 1/2-1/2

[Event "CRO-chT2 Center 23rd"]
[Site "Grubisno Polje"]
[Date "2014.03.02"]
[Round "2.2"]
[White "Brigljevic, Milan"]
[Black "Samovojska, Damir"]
[Result "1-0"]
[WhiteElo "2199"]
[BlackElo "2239"]
[PlyCount "55"]
[EventDate "2014.03.02"]
[EventType "team-match"]
[EventRounds "11"]
[EventCountry "CRO"]
[SourceTitle "EXT 2016"]
[Source "ChessBase"]
[SourceDate "2015.10.08"]
[SourceVersion "1"]
[SourceVersionDate "2015.10.08"]
[SourceQuality "1"]

1. d4 d5 2. Nf3 Nf6 3. e3 Bf5 4. c4 c6 5. Nc3 e6 6. Qb3 Qb6 7. c5 Qc7 8. Ne5 Nfd7 9. f4 f6 10. Nf3 e5 11. fxe5 fxe5 12. Be2 Be7 13. 0-0 Bg6 14. Kh1 b6 15. cxb6 axb6 16. Bd2 Bf7 17. Rac1 e4 18. Ng1 Qd6 19. Nxe4 Qe6 20. Ng3 g6 21. e4 0-0 22. exd5 cxd5 23. Bb5 Bd6 24. Rce1 Qg4 25. Rxf7 Rxf7 26. Qxd5 Bxg3 27. Bc4 Qf5 28. Rf1 1-0

[Event "Porec op"]
[Site "Porec"]
[Date "2013.12.06"]
[Round "3"]
[White "Samovojska, Damir"]
[Black "Ikica, Ante"]
[Result "1-0"]
[WhiteElo "2235"]
[BlackElo "1969"]
[PlyCount "69"]
[EventDate "2013.12.05"]
[EventType "swiss"]
[EventRounds "7"]
[EventCountry "CRO"]
[SourceTitle "CBM 157 Extra"]
[Source "ChessBase"]
[SourceDate "2013.12.19"]
[SourceVersion "1"]
[SourceVersionDate "2013.12.19"]
[SourceQuality "1"]

1. d4 e6 2. e4 Nf6 3. e5 Nd5 4. c4 Ne7 5. Nc3 d5 6. Nf3 h6 7. b3 c5 8. dxc5 Qa5 9. Bd2 Qxc5 10. Nb5 Nf5 11. cxd5 Na6 12. d6 Bd7 13. Rc1 Qb6 14. a4 Rc8 15. Rxc8+ Bxc8 16. g4 Nxd6 17. exd6 Bxd6 18. Nxd6+ Qxd6 19. Bb5+ Ke7 20. Bc3 Qb6 21. Qd4 Qxd4 22. Bxd4 Nc7 23. Bc4 b5 24. axb5 Bb7 25. Ke2 Nd5 26. Bxd5 Bxd5 27. Ra1 f6 28. Rxa7+ Kd6 29. Rxg7 e5 30. Ba7 Rc8 31. Nd2 h5 32. gxh5 Rh8 33. b6 Rxh5 34. b7 Bxb7 35. Rxb7 1-0

[Event "Hum na Sutli op 7th"]
[Site "Hum na Sutli"]
[Date "2013.09.04"]
[Round "6"]
[White "Doric, Nenad"]
[Black "Samovojska, Damir"]
[Result "1/2-1/2"]
[WhiteElo "2290"]
[BlackElo "2211"]
[PlyCount "32"]
[EventDate "2013.08.30"]
[EventType "swiss"]
[EventRounds "9"]
[EventCountry "CRO"]
[SourceTitle "EXT 2015"]
[Source "ChessBase"]
[SourceDate "2014.11.20"]
[SourceVersion "1"]
[SourceVersionDate "2014.11.20"]
[SourceQuality "1"]

1. e4 g6 2. d4 Bg7 3. Nc3 d6 4. g3 c6 5. a4 Qc7 6. Bg2 e5 7. Nge2 Ne7 8. Be3 0-0 9. Qd2 Be6 10. 0-0 Nd7 11. Rad1 d5 12. exd5 Nxd5 13. Bh6 Nxc3 14. Nxc3 Bxh6 15. Qxh6 exd4 16. Rxd4 Qe5 1/2-1/2